Walking the Western Ghats / (Record no. 96672)

MARC details
000 -LEADER
fixed length control field 00895nam a22002417a 4500
005 - DATE AND TIME OF LATEST TRANSACTION
control field 20151023125101.0
010 ## - LCCN (DPL NO)
LC control number ENG-114006
020 ## - INTERNATIONAL STANDARD BOOK NUMBER
Terms of availability 450.00
International Standard Book Number 0199460825
020 ## - INTERNATIONAL STANDARD BOOK NUMBER
Terms of availability 450.00
International Standard Book Number 9780199460823
035 ## - SYSTEM CONTROL NUMBER
System control number EN-97538
037 ## - SOURCE OF ACQUISITION
Source of stock number/acquisition DBAD/PUB
Stock number dpl
082 ## - DEWEY DECIMAL CLASSIFICATION NUMBER
Classification number 915.4045
100 ## - MAIN ENTRY--PERSONAL NAME
Personal name Johnsingh, A.J.T.
245 ## - TITLE STATEMENT
Title Walking the Western Ghats /
Statement of responsibility, etc by A.J.T. Johnsingh
260 ## - PUBLICATION, DISTRIBUTION, ETC. (IMPRINT)
Place of publication, distribution, etc New Delhi
Name of publisher, distributor, etc Bombay Natural History Society and Oxford University Press
Date of publication, distribution, etc 2015
270 ## - ADDRESS
Address YMCA Library Building, 1, Jai Singh Road,
City New Delhi
Postal code 110001
300 ## - PHYSICAL DESCRIPTION
Extent xiv,149p.:
Dimensions 23cm(Hb)
Other physical details ill.(col),maps
500 ## - GENERAL NOTE
General note Includes bibliographical references (pages 147-149).
600 ## - SUBJECT ADDED ENTRY--PERSONAL NAME
Personal name Johnsingh, A. J. T.
General subdivision Travel
Geographic subdivision Western Ghats.
650 ## - SUBJECT ADDED ENTRY--TOPICAL TERM
Topical term or geographic name as entry element Johnsingh, A. J. T.
General subdivision Travel
Geographic subdivision Western Ghats.
710 ## - ADDED ENTRY--CORPORATE NAME
Corporate name or jurisdiction name as entry element Bombay Natural History Society,
942 ## - ADDED ENTRY ELEMENTS (KOHA)
Source of classification or shelving scheme Dewey Decimal Classification
Item type English Books
Call number suffix JOH
Classification part 915.4045
Holdings
Withdrawn status Lost status Not for loan Collection code Home library Current library Date acquired Source of acquisition Cost, normal purchase price Full call number Barcode Copy number Cost, replacement price Koha item type
    Not For Loan Non-fiction D.B.Act.Division D.B.Act.Division 08/09/2015 DBAD/PUB 450.00 915.4045 JOH EN-97538 1 450.00 English Books

© Delhi Public Library
Hit Counter
free hit counter